[Event "Bayern-ch Seniors 23rd"]
[Site "Bergen"]
[Date "2011.06.02"]
[Round "6"]
[White "Erler, Klaus Juergen"]
[Black "Maertin, Eberhard"]
[Result "0-1"]
[WhiteElo "1398"]
[BlackElo "1632"]
[PlyCount "48"]
[EventDate "2011.05.28"]
[EventType "swiss"]
[EventRounds "9"]
[EventCountry "GER"]
[SourceTitle "EXT 2012"]
[Source "ChessBase"]
[SourceDate "2011.11.24"]
[SourceVersion "1"]
[SourceVersionDate "2011.11.24"]
[SourceQuality "1"]

1. c4 e6 2. Nc3 d5 3. e3 c6 4. Nf3 Nf6 5. Be2 Bb4 6. 0-0 Bxc3 7. bxc3 0-0 8. Qc2 Re8 9. d4 Nbd7 10. cxd5 exd5 11. Bd3 h6 12. Ba3 Qc7 13. c4 Qa5 14. Qb3 Qb6 15. h3 dxc4 16. Qxc4 Qd8 17. Bg6 Nd5 18. Bc2 Qf6 19. Rab1 g6 20. Rfe1 N7b6 21. Qd3 Bxh3 22. Nd2 Bd7 23. Ne4 Rxe4 24. Rxb6 axb6 0-1

[Event "Bayern-ch Seniors 23rd"]
[Site "Bergen"]
[Date "2011.05.31"]
[Round "4"]
[White "Nefzger, Franz"]
[Black "Erler, Klaus Juergen"]
[Result "1-0"]
[WhiteElo "1560"]
[BlackElo "1398"]
[PlyCount "47"]
[EventDate "2011.05.28"]
[EventType "swiss"]
[EventRounds "9"]
[EventCountry "GER"]
[SourceTitle "EXT 2012"]
[Source "ChessBase"]
[SourceDate "2011.11.24"]
[SourceVersion "1"]
[SourceVersionDate "2011.11.24"]
[SourceQuality "1"]

1. c4 e5 2. Nc3 d6 3. g3 f5 4. d3 Nf6 5. Bg2 Be7 6. Nf3 0-0 7. 0-0 c6 8. Ne1 Kh8 9. a3 a5 10. Rb1 Be6 11. Qb3 Qc7 12. Bg5 Nbd7 13. Rc1 h6 14. Bd2 Rab8 15. Nd5 Bxd5 16. cxd5 Nc5 17. Qa2 Qb6 18. b4 axb4 19. Bxb4 Nxd5 20. Bxd5 cxd5 21. Qxd5 Nd7 22. Qe6 Qd8 23. Bxd6 Rf6 24. Qxe7 1-0

[Event "Bayern-ch Seniors 23rd"]
[Site "Bergen"]
[Date "2011.05.29"]
[Round "2"]
[White "Erler, Klaus Juergen"]
[Black "Weigel, Herbert"]
[Result "0-1"]
[WhiteElo "1398"]
[BlackElo "1925"]
[PlyCount "66"]
[EventDate "2011.05.28"]
[EventType "swiss"]
[EventRounds "9"]
[EventCountry "GER"]
[SourceTitle "EXT 2012"]
[Source "ChessBase"]
[SourceDate "2011.11.24"]
[SourceVersion "1"]
[SourceVersionDate "2011.11.24"]
[SourceQuality "1"]

1. c4 e5 2. Nc3 d6 3. Nf3 f5 4. d3 Nf6 5. g3 Be7 6. Bg2 c6 7. a3 0-0 8. b4 Kh8 9. 0-0 Be6 10. Bd2 Nbd7 11. h3 h6 12. Kh2 g5 13. e3 Kg7 14. Ng1 Qe8 15. f4 Qg6 16. e4 gxf4 17. gxf4 exf4 18. Bxf4 Nh5 19. Qd2 Nxf4 20. Qxf4 Bf6 21. Qd2 Be5+ 22. Kh1 Qg3 23. Bf3 fxe4 24. Nxe4 Qh4 25. d4 Bxh3 26. Nxh3 Qxh3+ 27. Kg1 Rxf3 28. Rxf3 Qxf3 29. Re1 Bf4 30. Qb2 Re8 31. d5+ Be5 32. Qc2 Kh8 33. Nxd6 Rg8+ 0-1

[Event "Bayern-ch Seniors 22nd"]
[Site "Bergen"]
[Date "2010.06.20"]
[Round "9"]
[White "Malik, Rosemarie"]
[Black "Erler, Klaus Juergen"]
[Result "1/2-1/2"]
[WhiteElo "1315"]
[BlackElo "1481"]
[PlyCount "55"]
[EventDate "2010.06.12"]
[EventType "swiss"]
[EventRounds "9"]
[EventCountry "GER"]
[SourceTitle "EXT 2011"]
[Source "ChessBase"]
[SourceDate "2010.11.26"]
[SourceVersion "1"]
[SourceVersionDate "2010.11.26"]
[SourceQuality "1"]

1. e4 d6 2. d4 Nf6 3. Nc3 c6 4. Nf3 Bg4 5. Be2 Nbd7 6. 0-0 e5 7. dxe5 dxe5 8. Be3 Bc5 9. Bxc5 Nxc5 10. h3 Bh5 11. Nxe5 Qxd1 12. Bxd1 Bxd1 13. Rfxd1 0-0 14. f3 Rfd8 15. Nc4 Rxd1+ 16. Rxd1 Rc8 17. Ne3 Kf8 18. b3 g6 19. g4 Ke7 20. Ne2 Rc7 21. c4 Rd7 22. Rxd7+ Nfxd7 23. Kg2 f6 24. h4 a5 25. Nc3 Kd6 26. h5 Ke5 27. hxg6 hxg6 28. Nc2 1/2-1/2

[Event "Bayern-ch Seniors 21st"]
[Site "Bergen"]
[Date "2009.06.21"]
[Round "2"]
[White "Erler, Klaus Juergen"]
[Black "Hein, Manfred"]
[Result "0-1"]
[WhiteElo "1587"]
[BlackElo "1960"]
[PlyCount "102"]
[EventDate "2009.06.20"]
[EventType "swiss"]
[EventRounds "9"]
[EventCountry "GER"]
[SourceTitle "EXT 2015"]
[Source "ChessBase"]
[SourceDate "2014.11.20"]
[SourceVersion "1"]
[SourceVersionDate "2014.11.20"]
[SourceQuality "1"]

1. c4 c5 2. Nc3 b6 3. Nf3 Bb7 4. g3 Bxf3 5. exf3 Nc6 6. Bg2 Rc8 7. 0-0 e6 8. Ne2 Qf6 9. f4 Nd4 10. Nxd4 Qxd4 11. d3 Be7 12. Rb1 Qd6 13. b3 Bf6 14. Bb2 Bxb2 15. Rxb2 Ne7 16. Rd2 Nf5 17. Re1 0-0 18. Be4 Nd4 19. Kg2 f5 20. Bf3 Rf6 21. Re5 Rh6 22. h4 Rf6 23. Rb2 a5 24. a4 Qc7 25. Re3 Rff8 26. Qd2 Qd8 27. Bb7 Rb8 28. Bf3 Qf6 29. Rb1 h6 30. Qb2 Rbd8 31. Rd1 Rf7 32. Qb1 g5 33. fxg5 hxg5 34. hxg5 Qxg5 35. Rh1 Rh7 36. Rxh7 Kxh7 37. Qh1+ Kg7 38. Bd1 Rh8 39. Qg1 Qh4 40. f4 Qh3+ 41. Kf2 Qh2+ 42. Qg2 Kf6 43. Re1 d6 44. Rg1 e5 45. Qxh2 Rxh2+ 46. Rg2 Rh1 47. Rg1 Rxg1 48. Kxg1 exf4 49. gxf4 Ne6 50. Kf2 Nxf4 51. Ke3 Ne6 0-1

[Event "Bayern-ch Seniors 20th"]
[Site "Bergen"]
[Date "2008.06.11"]
[Round "5.45"]
[White "Jurgan, Brigitte"]
[Black "Erler, Klaus Juergen"]
[Result "0-1"]
[WhiteElo "1152"]
[BlackElo "1506"]
[PlyCount "77"]
[EventDate "2008.06.07"]
[EventType "swiss"]
[EventRounds "9"]
[EventCountry "GER"]
[SourceTitle "EXT 2022"]
[Source "ChessBase"]
[SourceDate "2021.10.06"]
[SourceVersion "1"]
[SourceVersionDate "2021.10.06"]
[SourceQuality "1"]

1. d4 Nf6 2. Nf3 d6 3. g3 g6 4. c3 Bg7 5. Bg2 0-0 6. Bg5 Nbd7 7. 0-0 h6 8. Bxf6 Nxf6 9. Nbd2 c6 10. Re1 Qc7 11. e4 Re8 12. Nb3 e5 13. d5 Bd7 14. c4 c5 15. a4 a6 16. Qd3 Rab8 17. Qc3 b5 18. axb5 axb5 19. Bf1 b4 20. Qc1 Ra8 21. Rxa8 Rxa8 22. Qc2 Ra2 23. Nbd2 Qa7 24. Rb1 Ne8 25. Qc1 Kh7 26. Qe1 Qa4 27. b3 Qa7 28. Qc1 f5 29. Rb2 Qa3 30. Qc2 Qxb2 31. Qxb2 Rxb2 32. exf5 Bxf5 33. Bg2 e4 34. Nf1 exf3 35. Bxf3 Rxb3 36. Ne3 Bh3 37. Bg2 Rb1+ 38. Nf1 Bxg2 39. Kxg2 0-1

[Event "Bayern-ch Seniors 20th"]
[Site "Bergen"]
[Date "2008.06.07"]
[Round "1.23"]
[White "Reer, Erdmann"]
[Black "Erler, Klaus Juergen"]
[Result "1-0"]
[WhiteElo "1925"]
[BlackElo "1506"]
[PlyCount "51"]
[EventDate "2008.06.07"]
[EventType "swiss"]
[EventRounds "9"]
[EventCountry "GER"]
[SourceTitle "EXT 2022"]
[Source "ChessBase"]
[SourceDate "2021.10.06"]
[SourceVersion "1"]
[SourceVersionDate "2021.10.06"]
[SourceQuality "1"]

1. e4 d6 2. d4 Nf6 3. Nc3 c6 4. f4 Qa5 5. Bd2 e5 6. fxe5 dxe5 7. dxe5 Qxe5 8. Nf3 Qc7 9. Bd3 Bg4 10. Qe2 Nbd7 11. 0-0-0 0-0-0 12. h3 Bxf3 13. Qxf3 Ne5 14. Qf5+ Kb8 15. Be2 Ng6 16. g4 Bd6 17. g5 Ne8 18. Kb1 f6 19. h4 Be5 20. h5 Nd6 21. Qg4 Ne7 22. h6 f5 23. exf5 Ndxf5 24. hxg7 Bxg7 25. Bd3 Rd4 26. Ne4 1-0

[Event "Bayern-ch Seniors 18th"]
[Site "Schloss Schney"]
[Date "2006.06.29"]
[Round "5"]
[White "Erler, Klaus Juergen"]
[Black "Theuermeister, Peter"]
[Result "0-1"]
[WhiteElo "1627"]
[BlackElo "1752"]
[PlyCount "43"]
[EventDate "2006.06.25"]
[EventType "swiss"]
[EventRounds "9"]
[EventCountry "GER"]
[SourceTitle "EXT 2007"]
[Source "ChessBase"]
[SourceDate "2006.11.23"]
[SourceVersion "1"]
[SourceVersionDate "2006.11.23"]
[SourceQuality "1"]

1. c4 Nf6 2. Nc3 g6 3. d4 d5 4. cxd5 Nxd5 5. e4 Nxc3 6. bxc3 Bg7 7. Be3 c5 8. Qd2 0-0 9. Nf3 Qa5 10. Rb1 a6 11. Be2 Nc6 12. 0-0 Rd8 13. Qb2 b5 14. a3 Bg4 15. Rfd1 Bxf3 16. Bxf3 cxd4 17. cxd4 Rac8 18. Bd2 Qb6 19. Bc3 Nxd4 20. Bg4 Rxc3 21. Rxd4 Bxd4 22. Rd1 0-1

[Event "Bayern-ch Seniors 18th"]
[Site "Schloss Schney"]
[Date "2006.06.27"]
[Round "3"]
[White "Erler, Klaus Juergen"]
[Black "Ziegler, Werner"]
[Result "1/2-1/2"]
[WhiteElo "1627"]
[BlackElo "1828"]
[PlyCount "50"]
[EventDate "2006.06.25"]
[EventType "swiss"]
[EventRounds "9"]
[EventCountry "GER"]
[SourceTitle "EXT 2007"]
[Source "ChessBase"]
[SourceDate "2006.11.23"]
[SourceVersion "1"]
[SourceVersionDate "2006.11.23"]
[SourceQuality "1"]

1. c4 Nf6 2. Nc3 e6 3. e4 d5 4. e5 Ne4 5. cxd5 exd5 6. Nxe4 dxe4 7. Qa4+ Bd7 8. Qxe4 Bc6 9. Qg4 h5 10. Qg3 h4 11. Qh3 Nd7 12. e6 Ne5 13. f4 Ng6 14. exf7+ Kxf7 15. Bc4+ Ke8 16. Qe3+ Qe7 17. Nf3 Nxf4 18. 0-0 Qxe3+ 19. dxe3 Bd5 20. Bxd5 Nxd5 21. Bd2 Bd6 22. Rac1 c6 23. e4 Nf4 24. Bxf4 Bxf4 25. Rcd1 Rd8 1/2-1/2

[Event "Bayern-ch Seniors 18th"]
[Site "Schloss Schney"]
[Date "2006.06.25"]
[Round "1"]
[White "Erler, Klaus Juergen"]
[Black "Schurig, Wilhelm"]
[Result "0-1"]
[WhiteElo "1627"]
[BlackElo "2023"]
[PlyCount "82"]
[EventDate "2006.06.25"]
[EventType "swiss"]
[EventRounds "9"]
[EventCountry "GER"]
[SourceTitle "EXT 2007"]
[Source "ChessBase"]
[SourceDate "2006.11.23"]
[SourceVersion "1"]
[SourceVersionDate "2006.11.23"]
[SourceQuality "1"]

1. c4 g6 2. d4 Bg7 3. e4 d6 4. Be3 c5 5. Nc3 cxd4 6. Bxd4 Nf6 7. Qd2 0-0 8. 0-0-0 Qa5 9. f3 Be6 10. Nd5 Qxd2+ 11. Rxd2 Bxd5 12. Bxf6 Bxf6 13. Rxd5 Nc6 14. a3 Rac8 15. f4 Rfd8 16. Nf3 e6 17. Rd2 Na5 18. Rc2 Nb3+ 19. Kb1 Nc5 20. Nd2 a6 21. Be2 Bd4 22. Bf3 Rb8 23. Rd1 e5 24. f5 b5 25. Ka2 b4 26. Nb3 Nxb3 27. Kxb3 bxa3+ 28. Kxa3 Bc5+ 29. Ka2 Rb4 30. b3 a5 31. Rd3 Rdb8 32. g4 a4 33. Rb2 Bd4 34. Rb1 axb3+ 35. Rbxb3 Ra8+ 36. Kb1 Ra1+ 37. Kc2 Rba4 38. Rd1 R4a2+ 39. Kd3 Ra3 40. Rxa1 Rxb3+ 41. Ke2 Bxa1 0-1

[Event "Bad Woerishofen Seniors opA 22th"]
[Site "Bad Woerishofen"]
[Date "2006.03.20"]
[Round "4"]
[White "Hennige, Anneliese"]
[Black "Erler, Klaus Juergen"]
[Result "0-1"]
[WhiteElo "999"]
[BlackElo "1650"]
[PlyCount "96"]
[EventDate "2006.03.17"]
[EventType "swiss"]
[EventRounds "9"]
[EventCountry "GER"]
[SourceTitle "EXT 2022"]
[Source "ChessBase"]
[SourceDate "2021.10.06"]
[SourceVersion "1"]
[SourceVersionDate "2021.10.06"]
[SourceQuality "1"]

1. e4 d6 2. d4 Nf6 3. Nc3 c6 4. Nf3 Bg4 5. Be2 Nbd7 6. e5 Bxf3 7. Bxf3 dxe5 8. dxe5 Nxe5 9. Qe2 Nxf3+ 10. gxf3 Qc7 11. 0-0 e6 12. Bd2 Bd6 13. Kh1 Bxh2 14. Ne4 Be5 15. c3 0-0-0 16. Qe3 Kb8 17. f4 Nd5 18. Qf3 Bxf4 19. Bxf4 Nxf4 20. Rad1 f6 21. Nd6 Rxd6 22. Qxf4 Rxd1 23. Qxc7+ Kxc7 24. Rxd1 Rd8 25. Rg1 Rd7 26. Kh2 g5 27. Rg2 Kd6 28. f3 Ke7 29. Rg3 Kf7 30. Rh3 Kg6 31. Kg3 h5 32. Rh2 h4+ 33. Kh3 Rd3 34. Rf2 Kh5 35. Kg2 f5 36. Re2 Rd6 37. a4 Kg6 38. b4 Kf6 39. Kf2 Rd3 40. c4 Rd4 41. Rc2 a6 42. a5 e5 43. Rc3 e4 44. Ke3 Rd3+ 45. Rxd3 exd3 46. Kxd3 h3 47. Kd4 h2 48. Kc5 h1Q 0-1

[Event "Bad Woerishofen Seniors opA 22th"]
[Site "Bad Woerishofen"]
[Date "2006.03.18"]
[Round "2"]
[White "Disselberger, Alfons"]
[Black "Erler, Klaus Juergen"]
[Result "0-1"]
[WhiteElo "1224"]
[BlackElo "1650"]
[PlyCount "96"]
[EventDate "2006.03.17"]
[EventType "swiss"]
[EventRounds "9"]
[EventCountry "GER"]
[SourceTitle "EXT 2022"]
[Source "ChessBase"]
[SourceDate "2021.10.06"]
[SourceVersion "1"]
[SourceVersionDate "2021.10.06"]
[SourceQuality "1"]

1. e4 d6 2. d4 Nf6 3. Nc3 c6 4. Be2 Nbd7 5. Nf3 e5 6. 0-0 Be7 7. dxe5 dxe5 8. Bg5 Qc7 9. Qe1 Nc5 10. Bxf6 Bxf6 11. Nd2 0-0 12. b4 Ne6 13. Rd1 Nd4 14. Bd3 Qb6 15. Rb1 Be6 16. Na4 Qc7 17. Rb2 b6 18. c3 Nb5 19. Qe2 Qd7 20. Rc2 Rfd8 21. Bxb5 cxb5 22. Nb2 Bxa2 23. Nd1 Be6 24. Ne3 Qd3 25. Qf3 Bg5 26. Rfc1 Bxe3 27. fxe3 a5 28. bxa5 bxa5 29. Nf1 Qc4 30. Nd2 Qc5 31. g4 Rd3 32. Nf1 a4 33. Rd2 Rxc3 34. Rcd1 Qc7 35. Ng3 a3 36. Nf5 a2 37. Ra1 Rc1+ 38. Rd1 Rxa1 39. Rxa1 Qc2 40. Ne7+ Kf8 41. Nf5 Qb2 42. Qd1 Qb4 43. Qd6+ Qxd6 44. Nxd6 b4 45. Nb5 b3 46. Nc7 Rc8 47. Nxe6+ fxe6 48. Rf1+ Ke7 0-1

[Event "Bayern-ch Seniors 17th"]
[Site "Schloss Schney"]
[Date "2005.06.16"]
[Round "7"]
[White "Erler, Klaus Juergen"]
[Black "Bierbach, Utz Friedrich"]
[Result "0-1"]
[WhiteElo "1657"]
[BlackElo "1744"]
[PlyCount "88"]
[EventDate "2005.06.10"]
[EventType "swiss"]
[EventRounds "9"]
[EventCountry "GER"]
[SourceTitle "EXT 2006"]
[Source "ChessBase"]
[SourceDate "2005.11.24"]
[SourceVersion "1"]
[SourceVersionDate "2005.11.24"]
[SourceQuality "1"]

1. c4 e5 2. Nc3 d6 3. Nf3 Nf6 4. d4 exd4 5. Nxd4 Be7 6. e4 c6 7. Be2 0-0 8. 0-0 Re8 9. Qc2 Na6 10. a3 Nc5 11. b4 Ncxe4 12. Nxe4 Nxe4 13. Bb2 Nf6 14. Rad1 Qc7 15. Rfe1 Bd7 16. Nf5 Bxf5 17. Qxf5 Qd7 18. Qg5 h6 19. Qg3 Qf5 20. Bf3 Bf8 21. Bxf6 Qxf6 22. b5 Qc3 23. Be2 Qxg3 24. hxg3 cxb5 25. cxb5 Rac8 26. Bf3 b6 27. Bc6 Rxe1+ 28. Rxe1 d5 29. a4 d4 30. Re8 Rxe8 31. Bxe8 d3 32. Kf1 Bb4 33. Bc6 Kf8 34. Be4 d2 35. Ke2 Ke7 36. Bc2 g6 37. Kd3 Kd6 38. g4 Ke5 39. g3 g5 40. Ke2 Kd4 41. Bb3 f6 42. f3 Kc3 43. Be6 Kc2 44. Bf5+ Kc1 0-1

[Event "Bad Woerishofen Seniors op 21st"]
[Site "Bad Woerishofen"]
[Date "2005.03.10"]
[Round "8"]
[White "Erler, Klaus Juergen"]
[Black "Weber, Siegfried1111"]
[Result "1/2-1/2"]
[WhiteElo "1569"]
[BlackElo "1554"]
[PlyCount "125"]
[EventDate "2005.03.03"]
[EventType "swiss"]
[EventRounds "9"]
[EventCountry "GER"]
[SourceTitle "EXT 2006"]
[Source "ChessBase"]
[SourceDate "2005.11.24"]
[SourceVersion "1"]
[SourceVersionDate "2005.11.24"]
[SourceQuality "1"]

1. c4 d6 2. d4 Nd7 3. Nf3 g6 4. b3 Bg7 5. Bb2 Ngf6 6. e3 0-0 7. Be2 c5 8. 0-0 Qc7 9. Qc2 a6 10. Nbd2 b6 11. Rab1 Bb7 12. d5 Ng4 13. Bxg7 Kxg7 14. h3 Ngf6 15. Rfc1 Rfe8 16. Bd3 Ne5 17. Nxe5 dxe5 18. Qb2 Nd7 19. e4 Kg8 20. Rf1 Rad8 21. g3 Bc8 22. Nf3 f6 23. Rbd1 Qd6 24. Qd2 Kg7 25. Nh2 Rh8 26. Be2 Rdg8 27. Bg4 Nb8 28. Bxc8 Rxc8 29. Kg2 Rcg8 30. f4 Nd7 31. f5 g5 32. Rf2 h5 33. Kf3 Kf7 34. Rg1 Rg7 35. Rfg2 Nf8 36. h4 g4+ 37. Ke2 Rhg8 38. Rb1 a5 39. a3 Rh7 40. b4 axb4 41. axb4 Nd7 42. b5 Rd8 43. Rgg1 Rhh8 44. Ra1 Ra8 45. Ra6 Rxa6 46. bxa6 Ra8 47. Ra1 Ra7 48. Qb2 Nb8 49. Qb5 Qc7 50. Nf1 Qc8 51. Qxb6 Rxa6 52. Rxa6 Nxa6 53. Qc6 Qxc6 54. dxc6 Kf8 55. Nd2 Ke8 56. Nb1 Kd8 57. Nc3 Kc7 58. Nd5+ Kd6 59. Kd2 Nc7 60. Kc3 Kxc6 61. Nxe7+ Kd7 62. Nd5 Ne8 63. Kd2 1/2-1/2

[Event "Bad Woerishofen Seniors op 21st"]
[Site "Bad Woerishofen"]
[Date "2005.03.06"]
[Round "4"]
[White "Erler, Klaus Juergen"]
[Black "Wolfram, Gisbert"]
[Result "1-0"]
[WhiteElo "1569"]
[BlackElo "1548"]
[PlyCount "87"]
[EventDate "2005.03.03"]
[EventType "swiss"]
[EventRounds "9"]
[EventCountry "GER"]
[SourceTitle "EXT 2006"]
[Source "ChessBase"]
[SourceDate "2005.11.24"]
[SourceVersion "1"]
[SourceVersionDate "2005.11.24"]
[SourceQuality "1"]

1. c4 c5 2. Nc3 Nf6 3. Nf3 Nc6 4. d4 d5 5. cxd5 Nxd5 6. e3 Bg4 7. Be2 e6 8. Qb3 Rb8 9. Nxd5 Qxd5 10. Qxd5 exd5 11. dxc5 Bxc5 12. a3 0-0 13. b4 Bb6 14. Bb2 Rfe8 15. Kd2 Rbd8 16. h3 Bh5 17. Bd3 Bg6 18. Bxg6 hxg6 19. Rhe1 f5 20. Kd3 Kf8 21. Rac1 Rd7 22. Bd4 Bxd4 23. exd4 Re4 24. b5 Rxe1 25. Rxe1 Nd8 26. Ng5 Re7 27. Re5 Rd7 28. h4 Rd6 29. a4 Nf7 30. Nh7+ Kg8 31. Re7 Nd8 32. Ng5 Kf8 33. Rc7 a6 34. bxa6 Rxa6 35. Rd7 Ke8 36. Rxg7 Ne6 37. Nxe6 Rxe6 38. Rxb7 Ra6 39. Rb4 Ke7 40. Ke3 Kf6 41. Kf4 Rc6 42. a5 Rc4 43. Rxc4 dxc4 44. Ke3 1-0

[Event "Bayern-ch Seniors 16th"]
[Site "Schloss Schney"]
[Date "2004.06.06"]
[Round "1"]
[White "Erler, Klaus Juergen"]
[Black "Anliker, Peter"]
[Result "0-1"]
[WhiteElo "1647"]
[BlackElo "1905"]
[PlyCount "102"]
[EventDate "2004.06.06"]
[EventType "swiss"]
[EventRounds "9"]
[EventCountry "GER"]
[SourceTitle "EXT 2006"]
[Source "ChessBase"]
[SourceDate "2005.11.24"]
[SourceVersion "1"]
[SourceVersionDate "2005.11.24"]
[SourceQuality "1"]

1. c4 Nf6 2. Nc3 g6 3. d4 Bg7 4. e4 d6 5. Be3 0-0 6. f3 Nbd7 7. Qd2 c5 8. Nge2 a6 9. Bh6 Rb8 10. Bxg7 Kxg7 11. Nc1 cxd4 12. Qxd4 Qb6 13. Qxb6 Nxb6 14. Nb3 Be6 15. Nd5 Bxd5 16. cxd5 Rfc8 17. Bd3 Na4 18. Rb1 Rc7 19. Kd2 Rbc8 20. Rhc1 Nd7 21. Rc2 Ne5 22. Rbc1 Rxc2+ 23. Rxc2 Rxc2+ 24. Kxc2 Nxd3 25. Kxd3 Nxb2+ 26. Kd4 Na4 27. Kc4 Nb6+ 28. Kb4 Nd7 29. Ka5 e6 30. Nd2 exd5 31. exd5 Kf6 32. Nc4 Ke7 33. Nb6 Nf6 34. Kb4 Kd8 35. a4 Nd7 36. Nc4 Kc7 37. a5 b5 38. axb6+ Nxb6 39. Ne3 f5 40. g3 Kb7 41. Ka5 Ka7 42. h4 h5 43. f4 Nd7 44. Nc4 Nf6 45. Nxd6 Nxd5 46. Nf7 Ne7 47. Ne5 Kb7 48. Nd7 Kc7 49. Ne5 Nc6+ 50. Nxc6 Kxc6 51. Kxa6 Kd5 0-1

[Event "Schwarzach op-B 18th"]
[Site "Salzburg"]
[Date "2003.08.23"]
[Round "1.6"]
[White "Erler, Klaus Juergen"]
[Black "Stolzlechner, Thomas"]
[Result "0-1"]
[WhiteElo "1694"]
[BlackElo "1952"]
[PlyCount "62"]
[EventDate "2003.08.23"]
[EventType "swiss"]
[EventRounds "9"]
[EventCountry "AUT"]
[SourceTitle "EXT 2004"]
[Source "ChessBase"]
[SourceDate "2003.11.25"]
[SourceVersion "1"]
[SourceVersionDate "2003.11.25"]
[SourceQuality "1"]

1. c4 Nf6 2. Nc3 e6 3. e4 d5 4. e5 d4 5. exf6 dxc3 6. bxc3 Qxf6 7. d4 b6 8. Qf3 Qxf3 9. Nxf3 Bb7 10. Be2 Nd7 11. 0-0 Be7 12. Nd2 0-0 13. Bf3 Bxf3 14. Nxf3 Rac8 15. Bb2 Bf6 16. Rac1 Rfd8 17. Rfe1 c6 18. Kf1 a6 19. h3 b5 20. c5 Re8 21. Re2 Nf8 22. Rce1 Ng6 23. Bc1 Red8 24. g3 h6 25. Bd2 Kf8 26. Ra1 Rd5 27. a4 e5 28. axb5 axb5 29. Be3 exd4 30. cxd4 Rxc5 31. Ra6 Rc4 0-1

[Event "Mittelfranken-ch HT 52nd"]
[Site "Uttenreuth"]
[Date "2003.04.19"]
[Round "9"]
[White "Habermann, Manfred"]
[Black "Erler, Klaus Juergen"]
[Result "1-0"]
[WhiteElo "1836"]
[BlackElo "1697"]
[PlyCount "129"]
[EventDate "2003.04.15"]
[EventType "swiss"]
[EventRounds "9"]
[EventCountry "GER"]
[SourceTitle "EXT 2011"]
[Source "ChessBase"]
[SourceDate "2010.11.26"]
[SourceVersion "1"]
[SourceVersionDate "2010.11.26"]
[SourceQuality "1"]

1. d4 d6 2. e4 Nf6 3. f3 c6 4. c4 Nbd7 5. Bd3 e5 6. d5 Qb6 7. Nc3 Be7 8. Na4 Qc7 9. Be3 c5 10. Ne2 Nf8 11. Qd2 Bd7 12. Nac3 Ng6 13. g4 h6 14. Ng3 Nh4 15. Qe2 Nh7 16. 0-0-0 Bg5 17. Nf5 Bxe3+ 18. Nxe3 Ng6 19. Ng2 0-0-0 20. h4 Kb8 21. Qd2 Bc8 22. Rdf1 Nhf8 23. Ne2 Nd7 24. Ng3 Ne7 25. Rh2 Nf8 26. Rfh1 Nfg6 27. h5 Nf8 28. g5 Nd7 29. Nh4 Rhg8 30. Nhf5 Nb6 31. f4 Nxf5 32. exf5 f6 33. fxe5 dxe5 34. g6 Bd7 35. Rf2 Nc8 36. b4 Nd6 37. Ne4 Nxe4 38. Bxe4 cxb4 39. Qxb4 Rc8 40. Rc2 Qc5 41. Qb3 Qd4 42. Qd3 Qxd3 43. Bxd3 Rc5 44. Kd2 Rgc8 45. Rb1 Ka8 46. Rcb2 b5 47. cxb5 Rxd5 48. Ke2 Rd6 49. a4 Rxd3 50. Kxd3 Bxf5+ 51. Ke3 Bxb1 52. Rxb1 Kb7 53. Rd1 Rc7 54. a5 Kc8 55. Ke4 Rc5 56. Rb1 a6 57. bxa6 Rxa5 58. Rb7 Ra4+ 59. Kf5 Rxa6 60. Rxg7 Kd8 61. Rh7 Ke8 62. Rxh6 Kf8 63. Rh7 Kg8 64. Re7 e4 65. h6 1-0

[Event "Mittelfranken-ch HT 52nd"]
[Site "Uttenreuth"]
[Date "2003.04.18"]
[Round "7"]
[White "Erler, Klaus Juergen"]
[Black "Vogiatzis, Dimitrios"]
[Result "0-1"]
[WhiteElo "1697"]
[BlackElo "2041"]
[PlyCount "74"]
[EventDate "2003.04.15"]
[EventType "swiss"]
[EventRounds "9"]
[EventCountry "GER"]
[SourceTitle "EXT 2011"]
[Source "ChessBase"]
[SourceDate "2010.11.26"]
[SourceVersion "1"]
[SourceVersionDate "2010.11.26"]
[SourceQuality "1"]

1. c4 e5 2. Nc3 Nc6 3. g3 f5 4. d3 Nf6 5. Bg2 Be7 6. e3 0-0 7. Nge2 Qe8 8. 0-0 d6 9. a3 a5 10. Bd2 Bd8 11. h3 Kh8 12. Kh2 Qh5 13. Nd5 Ng4+ 14. Kg1 Nh6 15. Nec3 Qf7 16. b4 Nb8 17. bxa5 Rxa5 18. Nb5 Ra6 19. Nb4 Ra8 20. Bd5 Qg6 21. Bg2 c6 22. Nc3 Ng8 23. a4 Na6 24. Rb1 Nxb4 25. Rxb4 Nf6 26. f4 Qxg3 27. Rf3 Qg6 28. Kh2 Nh5 29. Ne2 Bh4 30. Be1 Be7 31. Rb2 Qe6 32. Ng3 Qh6 33. Nxh5 Qxh5 34. Bc3 Bf6 35. a5 e4 36. dxe4 Bxc3 37. Qxd6 Qe8 0-1